Особенности процесса окисления электровзрывных порошков тантала при нагревании в воздухе; Перспективы развития фундаментальных наук; Т. 2 : Химия

Bibliografische gegevens
Parent link:Перспективы развития фундаментальных наук=Prospects of Fundamental Sciences Development: сборник научных трудов XIII Международной конференции студентов, аспирантов и молодых ученых, г. Томск, 26-29 апреля 2016 г./ Национальный исследовательский Томский политехнический университет (ТПУ) ; под ред. И. А. Курзиной, Г. А. Вороновой.— , 2016
Т. 2 : Химия.— 2016.— [С. 97-99]
Hoofdauteur: Власюк М. Н. Михаил Николаевич
Coauteurs: Национальный исследовательский Томский политехнический университет (ТПУ) Институт физики высоких технологий (ИФВТ) Лаборатория № 12, Национальный исследовательский Томский политехнический университет (ТПУ) Институт физики высоких технологий (ИФВТ) Кафедра общей химии и химической технологии (ОХХТ)
Andere auteurs: Пустовалов А. В. Алексей Витальевич (научный руководитель), Коршунов А. В. Андрей Владимирович
Samenvatting:Заглавие с титульного экрана
Dispersivity of Ta-powders produced using the wire electric explosion is considered. It is shown thatthe powder sample consists of two size fractions of micron- and nanometer-scale particles. Using differentialthermal analysis the regularities of the obtained powders oxidation are studied. The dependence of oxidation rateon the size of Ta particles is discussed.
Taal:Russisch
Gepubliceerd in: 2016
Onderwerpen:
Online toegang:http://earchive.tpu.ru/handle/11683/25863
Formaat: Elektronisch Hoofdstuk
KOHA link:https://koha.lib.tpu.ru/cgi-bin/koha/opac-detail.pl?biblionumber=618170

MARC

LEADER 00000naa2a2200000 4500
001 618170
005 20240205110335.0
035 |a (RuTPU)RU\TPU\conf\16551 
035 |a RU\TPU\conf\16549 
090 |a 618170 
100 |a 20160525d2016 k y0rusy50 ca 
101 0 |a rus 
102 |a RU 
105 |a y z 101zy 
135 |a drcn ---uucaa 
181 0 |a i  
182 0 |a b 
200 1 |a Особенности процесса окисления электровзрывных порошков тантала при нагревании в воздухе  |d Regularities of the oxidation of tantalum powders produced using the wire electric explosion  |f М. Н. Власюк, А. В. Пустовалов  |g науч. рук. А. В. Коршунов 
203 |a Текст  |c электронный 
300 |a Заглавие с титульного экрана 
320 |a [Библиогр.: с. 99 (3 назв.)] 
330 |a Dispersivity of Ta-powders produced using the wire electric explosion is considered. It is shown thatthe powder sample consists of two size fractions of micron- and nanometer-scale particles. Using differentialthermal analysis the regularities of the obtained powders oxidation are studied. The dependence of oxidation rateon the size of Ta particles is discussed. 
461 1 |0 (RuTPU)RU\TPU\conf\16353  |t Перспективы развития фундаментальных наук  |l Prospects of Fundamental Sciences Development  |o сборник научных трудов XIII Международной конференции студентов, аспирантов и молодых ученых, г. Томск, 26-29 апреля 2016 г.   |o в 7 т.  |f Национальный исследовательский Томский политехнический университет (ТПУ) ; под ред. И. А. Курзиной, Г. А. Вороновой  |d 2016 
463 0 |0 (RuTPU)RU\TPU\conf\16355  |t Т. 2 : Химия  |v [С. 97-99]  |d 2016 
510 1 |a Regularities of the oxidation of tantalum powders produced using the wire electric explosion  |z eng 
610 1 |a труды учёных ТПУ 
610 1 |a электронный ресурс 
610 1 |a окисление 
610 1 |a электровзрывные порошки 
610 1 |a тантал 
610 1 |a нанотехнологии 
610 1 |a электрический взрыв 
700 1 |a Власюк  |b М. Н.  |c химик  |c лаборант Томского политехнического университета  |f 1992-  |g Михаил Николаевич  |3 (RuTPU)RU\TPU\pers\34953 
701 1 |a Пустовалов  |b А. В.  |c специалист в области электротехники  |c младший научный сотрудник Томского политехнического университета  |f 1986-  |g Алексей Витальевич  |3 (RuTPU)RU\TPU\pers\30166  |9 14564 
702 1 |a Коршунов  |b А. В.  |c химик  |c профессор Томского политехнического университета, кандидат химических наук  |f 1970-  |g Андрей Владимирович  |4 727 
712 0 2 |a Национальный исследовательский Томский политехнический университет (ТПУ)  |b Институт физики высоких технологий (ИФВТ)  |b Лаборатория № 12  |3 (RuTPU)RU\TPU\col\19054 
712 0 2 |a Национальный исследовательский Томский политехнический университет (ТПУ)  |b Институт физики высоких технологий (ИФВТ)  |b Кафедра общей химии и химической технологии (ОХХТ)  |3 (RuTPU)RU\TPU\col\21253 
801 2 |a RU  |b 63413507  |c 20160628  |g RCR 
856 4 |u http://earchive.tpu.ru/handle/11683/25863 
942 |c BK